NFL Number 1 seed in the NFC Coaches - Statistics

General Stats
  • This quiz has been taken 11 times
  • The average score is 31 of 56
Answer Stats
Year Team Coach % Correct
2024 Lions Dan Campbell
100%
2023 49ers Kyle Shanahan
91%
2025 Seahawks Mike Macdonald
91%
2021 Packers Matt LaFleur
82%
2020 Packers Matt LaFleur
82%
2014 Seahawks Pete Carroll
82%
2013 Seahawks Pete Carroll
82%
2019 49ers Kyle Shanahan
73%
2018 Saints Sean Payton
73%
2017 Eagles Doug Pederson
64%
1993 Cowboys Jimmy Johnson
64%
1988 Bears Mike Ditka
64%
1985 Bears Mike Ditka
64%
2011 Packers Mike McCarthy
64%
2009 Saints Sean Payton
64%
2008 Giants Tom Coughlin
64%
1979 Cowboys Tom Landry
64%
1977 Cowboys Tom Landry
64%
2004 Eagles Andy Reid
55%
2003 Eagles Andy Reid
55%
2002 Eagles Andy Reid
55%
1987 49ers Bill Walsh
55%
1984 49ers Bill Walsh
55%
1981 49ers Bill Walsh
55%
1976 Vikings Bud Grant
55%
1975 Vikings Bud Grant
55%
1974 Vikings Bud Grant
55%
1973 Vikings Bud Grant
55%
1971 Vikings Bud Grant
55%
1970 Vikings Bud Grant
55%
1999 Rams Dick Vermeil
55%
2016 Cowboys Jason Garrett
55%
2006 Bears Lovie Smith
55%
2005 Seahawks Mike Holmgren
55%
1996 Packers Mike Holmgren
55%
2001 Rams Mike Martz
55%
2015 Panthers Ron Rivera
55%
1995 Cowboys Barry Switzer
45%
1986 Giants Bill Parcells
45%
1994 49ers George Seifert
45%
1992 49ers George Seifert
45%
1990 49ers George Seifert
45%
1989 49ers George Seifert
45%
1991 Redskins Joe Gibbs
45%
1983 Redskins Joe Gibbs
45%
1982 Redskins Joe Gibbs
45%
1998 Vikings Dennis Green
36%
2000 Giants Jim Fassel
36%
2012 Falcons Mike Smith
36%
2010 Falcons Mike Smith
36%
1997 49ers Steve Mariucci
36%
2007 Cowboys Wade Phillips
36%
1972 Redskins George Allen
27%
1980 Falcons Leeman Bennett
18%
1978 Rams Ray Malavasi
18%
2022 Eagles Nick Sirivani
0%
No matching quizzes found
Score Distribution
Percent of People with Each Score
Percentile by Number Answered
Your Score History
You have not taken this quiz